01389nam a22002414c 4500003000900000008004100009020001800050040003100068041001900099080001400118100002400132245001600156250002200172264004000194300001900234336002700253337003300280338002800313520073500341521002501076650002401101650002201125AR-BaSMT260325b2024 ag||||br|||| 000 1bspa d a9786313010431 aBSGBbespañolcBSGBerda0 aspahespañol a82-31 VAR1 aVargas, Sebastián14aSon Tumikes aPrimera edición 1aBuenos aires : bAlfaguara , c2024 a112 páginas  2rdacontentatextobtxt 2rdamediaasin mediaciónbn 2rdacarrieravolumenbnc1 aVinieron del planeta Tumik en naves destartaladas. Sin nada, con las cuatro manos vacías. De color naranja casi fosforescente, se alimentan de la corteza de los árboles y quedan fascinados cuando ven un par de zapatos. Son raros. Demasiado. Y los humanos no saben qué hacer con ellos. Con ingenio y mucha fantasía, Sebastián Vargas demuestra que la ciencia ficción no solo abre puertas hacia un futuro aún desconocido. Son tumikes es también una invitación a pensar en temas tan actuales como las diferencias, la discriminación, la tolerancia y el respeto. Quizás, en el fondo, no seamos tan distintos...uhttps://www.penguinlibros.com/ar/a-partir-de-9-anos/340444-ebook-son-tumikes-9786313010561 25/03/2026 aA partir de 9 años 7aLITERATURA INFANTIL 7aNOVELAzArgentina